| 000 | 00961nam a2200313 a 4500 | ||
|---|---|---|---|
| 001 | vtls000530268 | ||
| 003 | NLI | ||
| 005 | 20210603141602.0 | ||
| 008 | 110308n ii 001 0 eng | ||
| 039 | 9 |
_y201103081746 _zDatasoft |
|
| 040 | 0 |
_aNLI _beng _cRetro_DSC 1 _eAACR2 |
|
| 041 | 0 | _aeng | |
| 044 | _aii | ||
| 082 | 0 | 4 | _a338.954 |
| 100 | 1 |
_aMukherjee, Pankaj Kumar _9606193 |
|
| 245 | 1 | 0 |
_aLabour legislation in British India : _ba study in the legal and economic aspects of labour |
| 260 |
_aCalcutta : _bR. C. Chakrabartty, _c[n.d.] |
||
| 300 |
_a235 p. ; _c23 cm. |
||
| 500 | _aIncludes index | ||
| 650 | 0 |
_aLabor laws and legislation _zIndia _970295 |
|
| 651 | 0 |
_aIndia _xEconomic policy _98068 |
|
| 710 | 2 | _aAsutosh Collection (National Library, India) | |
| 887 | _a | ||
| 901 |
_a33469 _b11.11.1965 |
||
| 902 | _aA.C 338.954 M 2 | ||
| 942 |
_2ddc _cBKS |
||
| 949 |
_AVIRTUAITEM _D10000 _X100 _6GAC000033469ENG |
||
| 999 |
_aVIRTUA40 _c447635 _d447635 |
||